000 00722nam a2200181 i 4500
001 84156
003 ES-MaACL
005 20230906174945.0
007 t|
008 041119s1906 sp ||||1| spa d
100 1 _aJalvo Millán, Mauricio.
_9172968
245 1 0 _aSaneamiento y regularización del río Manzanares en Madrid :
_bcomplemento al plan general de obras hidráulicas del Excmo. Sr. Marqués de Santillana /
_cMauricio Jalvo.
260 _aMadrid :
_b[s.n.],
_c1906 (
_fLibrería Guttemberg, de José Ruiz)
300 _a217 p., [13] h. pleg., [1] h. pleg. de plano :
_bil. ;
_c19 cm.
651 _aManzanares (España, Río)-
_xRegulación.
_9159106
852 _aES-MaACL
_jD-3462
852 _aES-MaACL
_jG-12306
999 _c84156
_d84156